MARC

LEADER 00000cam a22000004a 4500
001 musev2_89671
003 MdBmJHUP
005 20230905052955.0
006 m o d
007 cr||||||||nn|n
008 220101t20212021pau o 00 0 eng d
020 |a 9780822988090 
020 |z 9780822946649 
035 |a (OCoLC)1290485531 
040 |a MdBmJHUP  |c MdBmJHUP 
100 1 |a Walsh, Sarah,  |e author. 
245 1 4 |a The Religion of Life :   |b Eugenics, Race, and Catholicism in Chile /   |c Sarah Walsh. 
264 1 |a Pittsburgh, Pa. :  |b University of Pittsburgh Press,  |c [2021] 
264 3 |a Baltimore, Md. :  |b Project MUSE,   |c 2022 
264 4 |c ©[2021] 
300 |a 1 online resource (216 pages):   |b illustrations 
336 |a text  |b txt  |2 rdacontent 
337 |a computer  |b c  |2 rdamedia 
338 |a online resource  |b cr  |2 rdacarrier 
490 0 |a Pitt Latin American series 
505 0 |a Intro -- Contents -- Acknowledgments -- Introduction -- Chapter 1. "The Girl Is Not Pursued": Shared Perspectives and Threats to the Chilean Race -- Chapter 2. The Two Truths: "Harmonizing" Catholicism and Science -- Chapter 3. What Is Eugenics in Chile? Formulating a National Discipline from a Transnational Movement -- Chapter 4. "One of the Most Uniform Races of the Entire World": Raza chilena and the Construction of Chilean Racial Homogeneity -- Chapter 5. "Intimately Linked to the Issue of Sex": Racial Health and the Modernization of Patriarchy 
505 0 |a Chapter 6. Picturing la raza chilena: Visual Imagery and the Creation of a Racial Type -- Conclusion -- Notes -- Bibliography -- Index 
588 |a Description based on print version record. 
651 7 |a Chile.  |2 fast  |0 (OCoLC)fst01205362 
651 0 |a Chile  |x Race relations. 
650 7 |a Racism  |x Religious aspects  |x Catholic Church.  |2 fast  |0 (OCoLC)fst01086635 
650 7 |a Racism.  |2 fast  |0 (OCoLC)fst01086616 
650 7 |a Race  |x Religious aspects.  |2 fast  |0 (OCoLC)fst01086444 
650 7 |a Race relations.  |2 fast  |0 (OCoLC)fst01086509 
650 7 |a Eugenics.  |2 fast  |0 (OCoLC)fst00916432 
650 7 |a HISTORY  |x General.  |2 bisacsh 
650 6 |a Racisme  |z Chili  |x Histoire  |y 20e siecle. 
650 6 |a Racisme  |x Aspect religieux  |x Église catholique. 
650 6 |a Eugenisme  |z Chili  |x Histoire  |y 20e siecle. 
650 6 |a Race  |x Aspect religieux. 
650 0 |a Racism  |z Chile  |x History  |y 20th century. 
650 0 |a Racism  |x Religious aspects  |x Catholic Church. 
650 0 |a Eugenics  |z Chile  |x History  |y 20th century. 
650 0 |a Race  |x Religious aspects. 
610 2 7 |a Catholic Church.  |2 fast  |0 (OCoLC)fst00531720 
610 2 0 |a Catholic Church  |z Chile. 
655 7 |a History.  |2 fast  |0 (OCoLC)fst01411628 
655 7 |a Electronic books.   |2 local 
710 2 |a Project Muse.  |e distributor 
830 0 |a Book collections on Project MUSE. 
856 4 0 |z Texto completo  |u https://projectmuse.uam.elogim.com/book/89671/ 
945 |a Project MUSE - Custom Collection 
945 |a Project MUSE - 2022 History 
945 |a Project MUSE - 2022 Latin American and Caribbean Studies 
945 |a Project MUSE - 2022 Complete